Logo Biblioteca

Malibú renace / (Registro nro. 580)

Detalles MARC
000 -LEADER
fixed length control field 00640nam a22002177a 4500
003 - CONTROL NUMBER IDENTIFIER
control field OSt
005 - DATE AND TIME OF LATEST TRANSACTION
control field 20250908155459.0
008 - FIXED-LENGTH DATA ELEMENTS--GENERAL INFORMATION
fixed length control field 250908t2021 ag ||||r|||| 00| f spa d
020 ## - INTERNATIONAL STANDARD BOOK NUMBER
International Standard Book Number 978-987-47777-5
040 ## - CATALOGING SOURCE
Transcribing agency Besoc
080 ## - UNIVERSAL DECIMAL CLASSIFICATION NUMBER
Authority record control number or standard number 82-31(73)
100 1# - MAIN ENTRY--PERSONAL NAME
Personal name Reid, Talyor Jenkins,
Dates associated with a name 1983-
Relator term autor
245 10 - TITLE STATEMENT
Title Malibú renace /
Statement of responsibility, etc. Taylor Jenkins Reid ; traducción de Marta de Bru de Sala i Martí.
250 ## - EDITION STATEMENT
Edition statement 1a ed. 1a reimp.
260 ## - PUBLICATION, DISTRIBUTION, ETC.
Place of publication, distribution, etc. Buenos Aires :
Name of publisher, distributor, etc. Umbriel,
Date of publication, distribution, etc. 2021.
300 ## - PHYSICAL DESCRIPTION
Extent 384 p. ;
Dimensions 23 cm.
490 0# - SERIES STATEMENT
Series statement Contemporánea
650 ## - SUBJECT ADDED ENTRY--TOPICAL TERM
Topical term or geographic name entry element Literatura norteamericana
General subdivision Novela
Geographic subdivision Siglo XXI
655 #4 - INDEX TERM--GENRE/FORM
Genre/form data or focus term Novela
942 ## - ADDED ENTRY ELEMENTS (KOHA)
Source of classification or shelving scheme Universal Decimal Classification
Koha item type Libro de préstamo a domicilio
Suppress in OPAC No
Existencias
Withdrawn status Lost status Source of classification or shelving scheme Damaged status Not for loan Collection Home library Current library Date acquired Source of acquisition Total checkouts Full call number Barcode Date last seen Date last checked out Price effective from Koha item type
    Universal Decimal Classification     Colección General Biblioteca Escuela de Ciencias Sociales Biblioteca Escuela de Ciencias Sociales 08/09/2025 Donación 2025 1 82-31(73) J52 001013 10/04/2026 03/12/2025 08/09/2025 Libro de préstamo a domicilio
Biblioteca de la Escuela Preuniversitaria en Ciencias Sociales y Humanísticas.
Riobamba 250 bis.
CP 2000 - Rosario - Santa Fe
E-Mail: biblioteca@esociales.unr.edu.ar